|
|
|
|
| LEADER |
00000nas a2200000 a 4500 |
| 001 |
ssj0006042 |
| 003 |
WaSeSS |
| 005 |
20200512172242.0 |
| 006 |
m d |
| 007 |
cr n |
| 008 |
000314c19719999paufr p s 0 a0eng c |
| 010 |
|
|
|a 00214386
|
| 016 |
7 |
|
|a 009220380
|2 Uk
|
| 016 |
7 |
|
|a 2010851 5
|2 DE-600
|
| 022 |
|
|
|a 1529-1502
|l 0048-7384
|y 0048-7384
|
| 035 |
|
|
|a (WaSeSS)ssj0006042
|
| 037 |
|
|
|b Pennsylvania State University Press, Suite C, 820 North University Drive, University Park, PA 16802
|
| 037 |
|
|
|a 22573/ctt1t4t2cf
|b JSTOR
|
| 040 |
|
|
|a NSD
|b eng
|e pn
|c NSD
|d MYG
|d NSD
|d OCLCQ
|d UMC
|d OCLCQ
|d OCL
|d OCLCQ
|d OCLCF
|d CUD
|d OCLCQ
|d UMC
|d OCLCQ
|d TEF
|d OCLCQ
|d OCLCE
|d UKMGB
|d VT2
|d U3W
|d AU@
|d NTG
|d AUD
|d WaSeSS
|
| 042 |
|
|
|a nsdp
|a pcc
|a dlr
|
| 043 |
|
|
|a n-us---
|
| 050 |
|
4 |
|a Z1225
|
| 082 |
0 |
0 |
|a 016
|
| 210 |
0 |
|
|a Resour. Am. lit. study
|b (Online)
|
| 222 |
|
0 |
|a Resources for American literary study
|b (Online)
|
| 245 |
0 |
0 |
|a Resources for American literary study
|h [electronic resource].
|
| 246 |
1 |
3 |
|a RALS
|
| 260 |
|
|
|a College Park, Md. :
|b Dept. of English, University of Maryland,
|c ©1971-
|
| 310 |
|
|
|a Annual,
|b 2003-
|
| 321 |
|
|
|a Semiannual,
|b 1971-2001
|
| 362 |
1 |
|
|a Began with vol. 1, no. 1 (spring 1971).
|
| 500 |
|
|
|a Published: University Park, Pa. : Dept. of English, Pennsylvania State University, 1991-2001; New York : AMS Press, 2003-<2014>; University Park, Pa. : Pennsylvania State University Press, resumed 2017-
|
| 506 |
|
|
|a License restrictions may limit access.
|
| 515 |
|
|
|a Volume for 2006 lacks chronological designation.
|
| 515 |
|
|
|a Some issues combined.
|
| 515 |
|
|
|a None published for 2002.
|
| 515 |
|
|
|a Publication status of vol. 38 unclear.
|
| 538 |
|
|
|a Master and use copy. Digital master created according to Benchmark for Faithful Digital Reproductions of Monographs and Serials, Version 1. Digital Library Federation, December 2002.
|u http://purl.oclc.org/DLF/benchrepro0212
|5 MiAaHDL
|
| 550 |
|
|
|a Sponsored by: Virginia Commonwealth University, Richmond, 1971-1980; by: University of Maryland, College Park, 1971-1975; by: University of Maryland, College Park, Division of Arts and Humanities, 1976-spring 1982.
|
| 583 |
1 |
|
|a digitized
|c 2010
|h HathiTrust Digital Library
|l committed to preserve
|2 pda
|5 MiAaHDL
|
| 588 |
|
|
|a Description based on print version record.
|
| 588 |
|
|
|a Latest issue consulted: Vol. 27, no. 2 (2001)--PDF at the Project MUSE Web site (viewed Dec. 1, 2004).
|
| 650 |
|
0 |
|a American literature
|x History and criticism
|v Bibliography
|v Periodicals.
|
| 650 |
|
0 |
|a American literature
|v Bibliography
|v Periodicals.
|
| 650 |
|
0 |
|a American literature
|v Periodicals.
|
| 650 |
|
7 |
|a American literature.
|2 fast
|0 (OCoLC)fst00807113
|
| 650 |
|
6 |
|a Littérature américaine
|x Histoire et critique
|v Bibliographie
|v Périodiques.
|
| 650 |
|
6 |
|a Littérature américaine
|v Bibliographie
|v Catalogues.
|
| 650 |
|
6 |
|a Littérature américaine
|v Périodiques.
|
| 655 |
|
0 |
|a Electronic journals.
|
| 710 |
2 |
|
|a Virginia Commonwealth University.
|
| 710 |
2 |
|
|a University of Maryland, College Park.
|b Department of English.
|
| 710 |
2 |
|
|a University of Maryland, College Park.
|b Division of Arts and Humanities.
|
| 776 |
0 |
8 |
|i Print version:
|t Resources for American literary study
|x 0048-7384
|w (DLC) 72087473
|w (OCoLC)1534143
|
| 776 |
0 |
8 |
|i Microfilm version:
|t Resources for American literary study
|x 0048-7384
|w (DLC)sn 91012109
|w (OCoLC)8597848
|
| 856 |
4 |
0 |
|z Full text available from Research Library: 01/01/2014 to 01/31/2014
|u https://search.proquest.com/publication/2037649
|